000 03025cam a22004577i 4500
001 data
005 20260322212110.0
008 data
035 _a20503325
906 _a7
_bcbc
_ccopycat
_d3
_encip
_f20
_gy-gencatlg
925 0 _aacquire
_b1 shelf copy
_xpolicy default
010 _a 2018393088
016 7 _a113118209X
_2GyFmDB
020 _a9783786731238
_q(hd.bd.)
020 _a3786731233
_q(hd.bd.)
024 3 _a9783786731238
035 _a(OCoLC)1033399565
040 _aOHX
_beng
_cOHX
_erda
_dDLC
_dOCLCF
_dDLC
042 _alccopycat
050 0 0 _aBR50
_b.D4347 2017
072 7 _aBR
_2lcco
245 0 0 _aDenken, das Weite atmet :
_bText und Kontext in der Theologie /
_cGünter Risse, Klaus Vellguth (Hg.).
264 1 _aOstfildern :
_bMatthias Grünewald Verlag,
_c[2017].
300 _a218 pages ;
_c23 cm
336 _atext
_btxt
_2rdacontent
337 _aunmediated
_bn
_2rdamedia
338 _avolume
_bnc
_2rdacarrier
500 _a"Anlässlich des 85. Geburtstags von Prof. Dr. Dr. h.c. Hans Waldenfels SJ fand vom 7. bis 9. Oktober 2016 ... das Symposium ... statt." -- Vorwort, page 7.
504 _aIncludes bibliographical references.
505 0 0 _tChristus als Kachere-Baum und als Granatapfel : Kontextualisierte Ausdrucksformen des Glaubens in der christlichen Kunst /
_rKlaus Vellguth.
_tUnsere (europäische) Gesellschaft als spezifischer kontextuell-theologischer Beitrag /
_rUrsula Nothelle-Wildfeuer --
_tChristliche Theologie in afrikanischen Lebenswelten : Skizzen einer Ortsbestimmung /
_rClaude Ozankom --
_tÜberlegungen zur Kontextualität christlicher Glaubenspredigt im kolonialzeitlichen Lateinamerika /
_rMariano Delgado --
_tTheologie des Judentums : eine kontextuelle Theologie in Zeiten der Globalisierung? /
_rPaul Petzel --
_tMission vor einer zweifachen Übersetzungsaufgabe /
_rMichael Sievernich SJ --
_tEine Sprache für das Wort Gottes : Überlegungen zum Wort Gottes im Kontext des christlich-islamischen Gesprächs /
_rTobias Specker --
_tMusik als locus theologicus und Vermittlungshilfe in der Völkerverständigung anhand von biblischen und musikgeschichtlichen Beispielen /
_rAlban Rüttenauer --
_tDialektik der ldentität : zur sozialphilosophischen und theologischen Kritik des Essentialismus /
_rRené Buchholz --
_tKontextualität : Fundamentaltheologische Konkretisierungen /
_rVincenzo Di Pilato --
_tDiaspora : ein Paradigma kontextueller Theologie /
_rGünter Risse --
_tChristus als Kachere-Baum und als Granatapfel : Kontextualisierte Ausdrucksformen des Glaubens in der christlichen Kunst /
_rKlaus Vellguth.
650 0 _aTheology.
650 7 _aTheology.
_2fast
_0(OCoLC)fst01149559
700 1 _aWaldenfels, Hans,
_ehonoree.
700 1 _aRisse, Günter,
_eeditor.
700 1 _aVellguth, Klaus,
_eeditor.
923 _d20180511
_n0170505
_sGyWOH
985 _eVENDOR LOAD
985 _aBibframePilot2
_e20191210
999 _c1633
_d1633